[Event "Interzonal-16"]
[Site "Biel"]
[Date "1993.??.??"]
[Round "8"]
[White "Smyslov, Vassily V"]
[Black "Hansen, Curt"]
[Result "1-0"]
[WhiteElo "2520"]
[BlackElo "2590"]
[Annotator "Wolff,P"]
[PlyCount "83"]
[EventDate "1993.07.16"]
[EventType "swiss"]
[EventRounds "13"]
[EventCountry "SUI"]
[SourceTitle "CBM 037"]
[Source "ChessBase"]
[SourceDate "1993.12.01"]
[SourceVersion "1"]
[SourceVersionDate "1993.12.01"]
[SourceQuality "1"]

1. e4 c5 2. Nf3 e6 3. d4 cxd4 4. Nxd4 Nc6 5. Nc3 a6 6. Nxc6 bxc6 7. Bd3 d5 8.
O-O Nf6 9. Qe2 Be7 10. b3 $5 O-O 11. Bb2 $14 {This is an interesting setup.} a5
(11... Nd7 12. Na4 Bf6 13. e5 Be7 14. c4 a5 15. cxd5 cxd5 16. Rac1 Nb6 17. Nc5
a4 18. Bd4 axb3 19. axb3 Rb8 20. Rc3 Nd7 $4 21. Bxh7+ $1 Kxh7 22. Qh5+ Kg8 23.
Rh3 f6 24. Nxe6 Qe8 25. Qh7+ Kf7 26. Nxg7 {1-0, David,Al-Tajmanov,M Prague 1993
}) 12. Rad1 Qc7 13. Na4 Bb7 (13... dxe4 $2 14. Bxe4 Nxe4 15. Qxe4 $16 {Black
has a hard time developing, e.g.} Bb7 $2 (15... f6 16. Bd4 $1 {><c5,b6}) 16.
Qg4 $1 (16. Be5 c5) 16... g6 (16... e5 17. Rd7) 17. Qd4 f6 18. Qd7 $18) 14. c4
Rfd8 (14... Nxe4 $5 15. Bxe4 dxe4 16. Qxe4 c5 $14) 15. e5 Nd7 16. cxd5 $1 cxd5
17. Rc1 Qb8 18. Bd4 Ba3 $6 19. Rc3 {/\ Bxh7+} h6 20. Bb5 $1 $16 Nf8 21. Rg3 $1
{/\ Qh5,Bd3} Ng6 22. Nb6 $1 Ra7 23. Nd7 $1 Qa8 24. Rxg6 $1 {Who said that
attack is the style of the young??} (24. Bxa7 Qxa7 {The knight on d7 has
trouble getting out.}) 24... fxg6 25. Qg4 Ba6 (25... Kf7 26. Nb6 Qb8 27. Bd3
$16 g5 $140 28. f4 $1) 26. Qxe6+ Kh7 27. Bxa6 Rxa6 (27... Raxd7 28. Bd3 $16)
28. Qf7 {/\ e5-e6} Rxd7 29. Qxd7 Qc6 30. Qf7 Qe6 31. Qxe6 Rxe6 32. f4 Rc6 33.
g4 Bc5 34. Rd1 h5 35. gxh5 gxh5 36. f5 Bxd4+ 37. Rxd4 Rc1+ 38. Kf2 Rc2+ 39. Kf3
Rxa2 40. Rxd5 Ra3 41. Kf4 Rxb3 42. Rxa5 {A great game by the Old Champion!} 1-0